[Event "4NCL/Div4b/BCA vs. SCS2"]
[Site "Telford ENG"]
[Date "2005.04.16"]
[Round "7.5"]
[White "Murphy, Richard LW"]
[Black "Hardy-Wallace, Daniel"]
[Result "1/2-1/2"]
[WhiteElo "1725"]
[BlackElo "1740"]
[PlyCount "104"]
[EventDate "2005.04.16"]
[SourceDate "2004.09.21"]

1. e4 c5 2. Nf3 Nc6 3. d4 cxd4 4. Nxd4 Nf6 5. Nc3 e5 6. Ndb5 d6 7. Bg5 a6 8.
Bxf6 Qxf6 9. Nd5 Qg6 10. Nbc7+ Kd8 11. Nxa8 Qxe4+ 12. Ne3 Qb4+ 13. Qd2 Qxb2 14.
Rd1 Be6 15. Bc4 Be7 16. O-O Qa3 17. Nb6 Qc5 18. Rb1 Rf8 19. Nbd5 Bc8 20. Nxe7
Nxe7 21. Rfd1 Kc7 22. Nd5+ Nxd5 23. Qxd5 b5 24. Qxc5+ dxc5 25. Bd3 f5 26. c3
Be6 27. a3 e4 28. Be2 f4 29. Bf1 Kc6 30. Rb2 Bg4 31. f3 exf3 32. gxf3 Bxf3 33.
Bg2 Bxg2 34. Kxg2 Rf6 35. Rbd2 g5 36. Rd7 h6 37. Ra7 Kb6 38. Rg7 Ka5 39. Rgd7
Ka4 40. R7d6 Rxd6 41. Rxd6 a5 42. Rxh6 Kxa3 43. Rc6 c4 44. Rc5 Ka4 45. Rxg5 b4
46. cxb4 axb4 47. h4 b3 48. h5 b2 49. Rg8 b1=Q 50. Ra8+ Kb3 51. Rb8+ Kc2 52.
Rxb1 Kxb1 1/2-1/2

[Event "4NCL/Div4b/BCA vs. SCS2"]
[Site "Telford ENG"]
[Date "2005.04.16"]
[Round "7.6"]
[White "Clarke, Sean A"]
[Black "Irving, Alastair"]
[Result "1-0"]
[WhiteElo "1685"]
[BlackElo "1540"]
[PlyCount "46"]
[EventDate "2005.04.16"]
[SourceDate "2004.09.21"]

1. e4 c5 2. Bc4 Nc6 3. c3 Nf6 4. d3 e6 5. Bg5 Be7 6. Nf3 O-O 7. Na3 d5 8. exd5
exd5 9. Bb3 Re8 10. O-O a6 11. Nc2 b5 12. c4 d4 13. cxb5 axb5 14. Rc1 Qb6 15.
Re1 Bf5 16. Ne5 Nxe5 17. Rxe5 Bd7 18. Ne1 Rec8 19. Rxe7 Be8 20. Qe2 Nd7 21. Qf3
Qg6 22. Bf4 Nf6 23. Qg3 Qh5 1-0

[Event "4NCL/Div4b/WWKS2 vs. HKF2"]
[Site "Telford ENG"]
[Date "2005.04.16"]
[Round "7.1"]
[White "Lloyd, Alan D"]
[Black "Broomfield, Matthew"]
[Result "0-1"]
[WhiteElo "2140"]
[BlackElo "2288"]
[PlyCount "58"]
[EventDate "2005.04.16"]
[SourceDate "2004.09.21"]

1. c4 Nf6 2. Nc3 e6 3. e3 d5 4. Nf3 c5 5. cxd5 exd5 6. d4 Nc6 7. Be2 a6 8. O-O
Bf5 9. a3 Rc8 10. Ne5 Qc7 11. g4 Be6 12. g5 Ne4 13. Nxc6 Qxc6 14. Nxe4 dxe4 15.
f4 exf3 16. Bxf3 Qd7 17. d5 Bh3 18. Rf2 Bd6 19. Qd3 O-O 20. Bd2 Be5 21. Bc3
Rfe8 22. Kh1 Qe7 23. e4 Qxg5 24. Rg1 Qh4 25. Qd2 g6 26. Bxe5 Rxe5 27. Rg3 Rce8
28. d6 Bd7 29. Bg2 Rh5 0-1

[Event "4NCL/Div4b/WWKS2 vs. HKF2"]
[Site "Telford ENG"]
[Date "2005.04.16"]
[Round "7.2"]
[White "Hammond, Andrew J C"]
[Black "Lam, Paul G M"]
[Result "1-0"]
[WhiteElo "2213"]
[BlackElo "2016"]
[PlyCount "43"]
[EventDate "2005.04.16"]
[SourceDate "2004.09.21"]

1. d4 e6 2. Nf3 f5 3. h3 Nf6 4. g4 c5 5. Nc3 fxg4 6. hxg4 cxd4 7. Nxd4 Bb4 8.
Qd3 Qa5 9. Bd2 Nc6 10. Nxc6 bxc6 11. g5 Ba6 12. Qf3 Nd5 13. g6 O-O-O 14. Rxh7
Rxh7 15. gxh7 Rh8 16. Qf7 Nxc3 17. Qxg7 Qd8 18. a3 Ne4 19. axb4 Kb7 20. Be3 e5
21. Qxe5 Re8 22. h8=Q 1-0

[Event "4NCL/Div4b/WWKS2 vs. HKF2"]
[Site "Telford ENG"]
[Date "2005.04.16"]
[Round "7.3"]
[White "Cooper, David M"]
[Black "Burrows, Martin P"]
[Result "1/2-1/2"]
[WhiteElo "2095"]
[BlackElo "2208"]
[PlyCount "50"]
[EventDate "2005.04.16"]
[SourceDate "2004.09.21"]

1. e4 e6 2. d4 d5 3. Nc3 Bb4 4. e5 b6 5. Bd2 Bb7 6. f4 Nc6 7. Nf3 Qd7 8. Bb5
Nh6 9. O-O Nf5 10. Ne2 Be7 11. Rc1 a6 12. Bd3 Nb4 13. Bxf5 exf5 14. a3 Nc6 15.
Be3 Na5 16. Nd2 O-O 17. Rf3 c5 18. Rh3 g6 19. Bf2 Nc6 20. c3 Nd8 21. Qe1 Ne6
22. Bh4 Qd8 23. Bxe7 Qxe7 24. Qf2 Rac8 25. Rd1 Rc7 1/2-1/2

[Event "4NCL/Div4b/WWKS2 vs. HKF2"]
[Site "Telford ENG"]
[Date "2005.04.16"]
[Round "7.4"]
[White "Ogunshola, Ben"]
[Black "Gordon, Callum"]
[Result "1-0"]
[WhiteElo "2175"]
[BlackElo "2045"]
[PlyCount "61"]
[EventDate "2005.04.16"]
[SourceDate "2004.09.21"]

1. c4 Nf6 2. Nf3 g6 3. g3 Bg7 4. Bg2 O-O 5. O-O d6 6. Nc3 e5 7. d3 c6 8. c5 Ne8
9. cxd6 Nxd6 10. Rb1 h6 11. Qc2 f5 12. b4 Bd7 13. a4 Na6 14. Ba3 Qf6 15. Rfc1
Rac8 16. b5 cxb5 17. axb5 Nc5 18. b6 e4 19. Nd2 Qe5 20. bxa7 b5 21. a8=Q Rxa8
22. d4 Qxd4 23. Nxb5 Nxb5 24. Bxc5 Qd5 25. Bxf8 Kxf8 26. Nxe4 Rc8 27. Nc5 Rxc5
28. Qxc5+ Qxc5 29. Rxc5 Nc3 30. Rb7 Bd4 31. Rxc3 1-0

[Event "4NCL/Div4b/WWKS2 vs. HKF2"]
[Site "Telford ENG"]
[Date "2005.04.16"]
[Round "7.5"]
[White "Malik, Kaiser"]
[Black "Crombleholme, Alan K"]
[Result "0-1"]
[WhiteElo "1830"]
[BlackElo "2127"]
[PlyCount "100"]
[EventDate "2005.04.16"]
[SourceDate "2004.09.21"]

1. e4 e6 2. Nf3 d5 3. e5 c5 4. b4 cxb4 5. a3 Nc6 6. axb4 Bxb4 7. c3 Be7 8. d4
f5 9. Bd3 Nh6 10. Bxh6 gxh6 11. h4 O-O 12. Qd2 Rf7 13. Qxh6 Rg7 14. Nbd2 Qf8
15. Ng5 Nd8 16. Ndf3 Bd7 17. g4 Nf7 18. Qh5 Nxg5 19. Nxg5 Bxg5 20. hxg5 Be8 21.
Qh6 Bg6 22. gxf5 Bxf5 23. Rd1 Rc8 24. Bxf5 Qxf5 25. Qf6 Rxg5 26. Kd2 Qxf6 27.
exf6 Rf8 28. Rh6 Rg6 29. Rdh1 Rf7 30. Ke3 Rgxf6 31. Rg1+ Kf8 32. Rh2 Rf3+ 33.
Ke2 Rxc3 34. Rhg2 Rb3 35. Rg8+ Ke7 36. Ra8 Rb2+ 37. Ke3 Rbxf2 38. Rg3 Ra2 39.
Rgg8 Ra3+ 40. Ke2 Kf6 41. Rg4 b5 42. Re8 Kf5 43. Reg8 b4 44. Rg1 Kf6 45. Re8
Rc7 46. Rf1+ Kg7 47. Ref8 Rc2+ 48. Kd1 b3 49. R8f7+ Kg6 50. R7f6+ Kg5 0-1

[Event "4NCL/Div4b/WWKS2 vs. HKF2"]
[Site "Telford ENG"]
[Date "2005.04.16"]
[Round "7.6"]
[White "Parmar, Amisha"]
[Black "Malik, Dani"]
[Result "1/2-1/2"]
[WhiteElo "1946"]
[BlackElo "1905"]
[PlyCount "66"]
[EventDate "2005.04.16"]
[SourceDate "2004.09.21"]

1. e4 d5 2. exd5 Nf6 3. Be2 g6 4. Nf3 Bg7 5. c4 c6 6. dxc6 Nxc6 7. d4 Bg4 8.
Be3 Qa5+ 9. Qd2 Qh5 10. Nc3 Rd8 11. O-O-O Qa5 12. h3 Be6 13. Qc2 Nb4 14. Qb3
Bf5 15. a3 Nc2 16. g4 Nxe3 17. fxe3 Bd7 18. Bd3 O-O 19. e4 e6 20. e5 Ne8 21. g5
Nc7 22. Ne4 b5 23. Nf6+ Bxf6 24. gxf6 bxc4 25. Bxc4 Rb8 26. Qe3 Rfc8 27. Qh6
Ne8 28. Ng5 Rxc4+ 29. Kb1 Rxb2+ 30. Kxb2 Qc3+ 31. Ka2 Qc2+ 32. Ka1 Qc3+ 33. Ka2
Qc2+ 1/2-1/2

[Event "4NCL/Div4b/PONTY vs. ADD"]
[Site "Telford ENG"]
[Date "2005.04.16"]
[Round "7.1"]
[White "White, Ian G"]
[Black "Marchant, Geoff"]
[Result "1-0"]
[WhiteElo "2033"]
[BlackElo "2045"]
[PlyCount "163"]
[EventDate "2005.04.16"]
[SourceDate "2004.09.21"]

1. e4 c6 2. d4 d5 3. f3 e6 4. e5 c5 5. c3 Nc6 6. Be3 Qb6 7. Qd2 Nh6 8. g4 Bd7
9. h3 cxd4 10. cxd4 Be7 11. Be2 Rc8 12. Nc3 Na5 13. Rb1 Nc4 14. Bxc4 Rxc4 15.
Nge2 Bh4+ 16. Kf1 Ng8 17. Kg2 Ne7 18. Rhf1 Ng6 19. f4 Be7 20. Ng3 Nh4+ 21. Kh2
g6 22. f5 gxf5 23. gxf5 Rg8 24. Qf2 Bb4 25. a3 Bxc3 26. bxc3 Qc6 27. Qf4 Rxc3
28. Qxh4 Rxe3 29. Rbc1 Rc3 30. Rxc3 Qxc3 31. Nh5 Qd2+ 32. Rf2 Qg5 33. Nf6+ Kd8
34. Qxg5 Rxg5 35. Nxh7 Rh5 36. Nf6 Rh4 37. Rd2 Ke7 38. Kg3 Rh8 39. h4 Bc6 40.
fxe6 fxe6 41. h5 Kf7 42. Kh4 Ba4 43. Kg5 Rc8 44. Rf2 Kg7 45. h6+ Kh8 46. Nh5
Rg8+ 47. Ng7 Rxg7+ 48. hxg7+ Kxg7 49. Rf6 Bd7 50. Kf4 a5 51. Ke3 Kg8 52. Kf4
Kg7 53. Kg5 Bc8 54. Rg6+ Kf7 55. Kh6 Bd7 56. Rg7+ Ke8 57. Kg6 Kd8 58. Kf6 b5
59. Rg3 Kc7 60. Rc3+ Kd8 61. Rb3 Ke8 62. Rb2 Kd8 63. Rc2 Ke8 64. Rc7 Kd8 65.
Ra7 a4 66. Kf7 Bc8 67. Kg6 Ke8 68. Kg5 Kd8 69. Kf4 Bd7 70. Ke3 Kc8 71. Kd2 Bc6
72. Kc3 Bb7 73. Kb4 Kb8 74. Ra5 Bc6 75. Kc5 Kb7 76. Rxb5+ Bxb5 77. Kxb5 Kc7 78.
Kxa4 Kc6 79. Ka5 Kc7 80. Kb5 Kb7 81. Kc5 Kc7 82. a4 1-0

[Event "4NCL/Div4b/PONTY vs. ADD"]
[Site "Telford ENG"]
[Date "2005.04.16"]
[Round "7.2"]
[White "Seymour, Timothy P"]
[Black "Robinson, David"]
[Result "0-1"]
[WhiteElo "2047"]
[BlackElo "2036"]
[PlyCount "49"]
[EventDate "2005.04.16"]
[SourceDate "2004.09.21"]

1. e4 d5 2. exd5 Qxd5 3. Nf3 Nf6 4. Be2 c6 5. O-O Bg4 6. h3 Bh5 7. d4 e6 8. c4
Qa5 9. Be3 Nbd7 10. a3 Bd6 11. Nc3 O-O 12. b4 Qc7 13. Rc1 Bf4 14. Bxf4 Qxf4 15.
d5 Bxf3 16. Bxf3 Ne5 17. Be2 exd5 18. cxd5 Rfd8 19. Rc2 Rd6 20. Rd2 Rad8 21.
Rd4 Qh6 22. dxc6 Rxd4 23. c7 Rxd1 24. Rxd1 Re8 25. Rd8 0-1

[Event "4NCL/Div4b/PONTY vs. ADD"]
[Site "Telford ENG"]
[Date "2005.04.16"]
[Round "7.3"]
[White "Taylor, Robert G"]
[Black "Hamilton, Robert"]
[Result "1-0"]
[WhiteElo "2047"]
[BlackElo "1970"]
[PlyCount "87"]
[EventDate "2005.04.16"]
[SourceDate "2004.09.21"]

1. d4 Nf6 2. g3 c5 3. c3 e6 4. Bg2 d5 5. Nf3 Be7 6. O-O Nc6 7. b3 O-O 8. Bb2
Rb8 9. Nbd2 cxd4 10. cxd4 b5 11. Re1 Bb7 12. a3 Qb6 13. Qc2 Rfc8 14. Qd3 a5 15.
Ne5 Nxe5 16. dxe5 Ng4 17. e3 b4 18. h3 Nh6 19. a4 Ba6 20. Qb1 Bc5 21. Nf3 Nf5
22. g4 Nxe3 23. fxe3 Bxe3+ 24. Kh1 Bf2 25. Rd1 Be2 26. Rd2 Bxf3 27. Bxf3 Qe3
28. Qd3 Qxd3 29. Rxd3 Rc2 30. Rb1 Rbc8 31. Bd1 R2c6 32. Kg2 Bh4 33. Kf3 f6 34.
Ke2 Kf7 35. Bd4 Rc1 36. Rxc1 Rxc1 37. Rd2 fxe5 38. Bxe5 Rc8 39. Rc2 Rg8 40.
Rc7+ Kg6 41. Bc2+ Kh6 42. Ra7 Bd8 43. Ra8 Rf8 44. Bd6 1-0

[Event "4NCL/Div4b/PONTY vs. ADD"]
[Site "Telford ENG"]
[Date "2005.04.16"]
[Round "7.4"]
[White "Klein, Cornelia"]
[Black "Saunders, W Nigel"]
[Result "0-1"]
[WhiteElo "1945"]
[BlackElo "2086"]
[PlyCount "68"]
[EventDate "2005.04.16"]
[SourceDate "2004.09.21"]

1. e4 e6 2. d4 d5 3. e5 c5 4. c3 Qb6 5. Nf3 Bd7 6. Bd3 Bb5 7. O-O Bxd3 8. Qxd3
Nc6 9. a3 c4 10. Qc2 Nge7 11. Nbd2 Ng6 12. b3 cxb3 13. Nxb3 Be7 14. c4 dxc4 15.
Qxc4 Rd8 16. Be3 Rd5 17. Rfb1 Qc7 18. a4 O-O 19. Rd1 Rc8 20. Rac1 Qd7 21. Qe2
Rd8 22. h3 Ngxe5 23. Rd2 Nxf3+ 24. Qxf3 Nb4 25. a5 Qa4 26. Bf4 Nc6 27. Qc3 Bb4
28. Ra1 Bxc3 29. Rxa4 Bxd2 30. Bxd2 Nxd4 31. Nc1 Nc6 32. Be3 Rxa5 33. Rxa5 Nxa5
34. Ne2 b6 0-1

[Event "4NCL/Div4b/PONTY vs. ADD"]
[Site "Telford ENG"]
[Date "2005.04.16"]
[Round "7.5"]
[White "Davies, Peter L"]
[Black "Seymour, Paul"]
[Result "1-0"]
[WhiteElo "2003"]
[BlackElo "1890"]
[PlyCount "69"]
[EventDate "2005.04.16"]
[SourceDate "2004.09.21"]

1. e4 d5 2. exd5 Qxd5 3. d4 c6 4. Nf3 Nf6 5. Be2 Bf5 6. O-O e6 7. c4 Qa5 8. Qb3
Qb4 9. Qd1 Nbd7 10. Nc3 Be7 11. a3 Qa5 12. Bf4 Nh5 13. b4 Qd8 14. Be3 Qc7 15.
d5 Nf4 16. Nd4 Nxe2+ 17. Qxe2 cxd5 18. Nxd5 exd5 19. Nxf5 Qxc4 20. Qb2 Qg4 21.
Nxe7 Kxe7 22. Rfe1 Rhe8 23. Bc5+ Kd8 24. Rxe8+ Kxe8 25. Re1+ Kd8 26. h3 Qg6 27.
Be7+ Ke8 28. Qc3 f6 29. Bd6+ Kf7 30. Re7+ Kg8 31. Rxd7 Re8 32. Qd4 Qf5 33. Rxb7
Re1+ 34. Kh2 Re2 35. Qxa7 1-0

[Event "4NCL/Div4b/PONTY vs. ADD"]
[Site "Telford ENG"]
[Date "2005.04.16"]
[Round "7.6"]
[White "Goggin, Eamonn P"]
[Black "Lobo, Richard"]
[Result "1-0"]
[WhiteElo "1870"]
[BlackElo "1895"]
[PlyCount "185"]
[EventDate "2005.04.16"]
[SourceDate "2004.09.21"]

1. c4 Nf6 2. Nc3 g6 3. e4 d6 4. d4 Bg7 5. Nf3 O-O 6. Be2 e5 7. O-O Nc6 8. d5
Ne7 9. b4 Nh5 10. Ne1 Nf4 11. Nd3 Nxd3 12. Bxd3 f5 13. f3 f4 14. c5 g5 15. Bd2
h5 16. Be2 Bh6 17. Rc1 Rf7 18. cxd6 cxd6 19. Nb5 Ng6 20. Be1 Rg7 21. Qc2 g4 22.
Nc7 gxf3 23. Bxf3 Rb8 24. Bf2 b6 25. Qc4 Bg5 26. Ne6 Bxe6 27. dxe6 Kh7 28. Rc2
Bh4 29. Bxh5 Bxf2+ 30. Rfxf2 Nh4 31. Rc3 Qg5 32. Bf3 Qe7 33. h3 Nxf3+ 34. Rcxf3
Rbg8 35. Rc3 Qh4 36. Qd3 Qe7 37. Qc4 Rg6 38. Qc7 Rxe6 39. Rd2 Rg7 40. Rdc2 Reg6
41. Qc8 Qh4 42. Rf2 f3 43. Rcxf3 Qxe4 44. Qf5 Qxf5 45. Rxf5 Rg3 46. R5f3 R3g6
47. Rd3 e4 48. Rd4 e3 49. Re2 Re7 50. Rd3 Rge6 51. g4 Kg7 52. Kf1 Kg6 53. Rh2
Kg5 54. Ke2 Kf4 55. Rh1 Kg3 56. g5 Kh4 57. Rg1 Rg6 58. Rxe3 Rc7 59. Rg4+ Kh5
60. Kd3 Rxg5 61. Rxg5+ Kxg5 62. Kd4 Rc2 63. a3 Kf4 64. Rd3 Rg2 65. Kd5 Rg8 66.
Kc6 Ke5 67. h4 Rh8 68. h5 Ke4 69. Rxd6 Rxh5 70. Rd7 Rh6+ 71. Kb5 a5 72. bxa5
bxa5 73. Kxa5 Ke5 74. a4 Ke6 75. Rd2 Ke7 76. Kb5 Ke8 77. a5 Rh5+ 78. Kb6 Rh6+
79. Kb7 Rh7+ 80. Kb8 Rh6 81. Kc7 Rh7+ 82. Kc6 Rh6+ 83. Kc7 Rh7+ 84. Kc8 Ra7 85.
Rd5 Ra6 86. Kb7 Rh6 87. a6 Rh7+ 88. Kb8 Rh1 89. Rb5 Kd7 90. a7 Rh8+ 91. Kb7 Kd6
92. a8=Q Rh7+ 93. Ka6 1-0

[Event "4NCL/Div4b/FCA2 vs. MONM"]
[Site "Telford ENG"]
[Date "2005.04.16"]
[Round "7.1"]
[White "Elwin, Adrian G"]
[Black "Morris, Gareth L"]
[Result "0-1"]
[WhiteElo "2077"]
[BlackElo "2142"]
[PlyCount "118"]
[EventDate "2005.04.16"]
[SourceDate "2004.09.21"]

1. Nf3 d5 2. c4 c6 3. d4 Nf6 4. Nc3 dxc4 5. a4 Bf5 6. e3 e6 7. Bxc4 Bb4 8. O-O
O-O 9. Bd3 Bxd3 10. Qxd3 Nbd7 11. Ne2 a5 12. Rd1 Qe7 13. Bd2 Rfd8 14. Bxb4 Qxb4
15. Qc3 Qb6 16. b3 Nd5 17. Qc4 h6 18. e4 Nb4 19. Rac1 Nf6 20. Ng3 Rac8 21. Ne5
Qc7 22. Nd3 Nxd3 23. Rxd3 Rd7 24. e5 Nd5 25. Ne4 Nf4 26. Rd2 Qd8 27. Nd6 Qg5
28. g3 Nh3+ 29. Kg2 Qxd2 30. Rc2 Qd1 31. Nxc8 Rxd4 32. Qe2 Ng5 33. Qxd1 Rxd1
34. Nd6 Rd3 35. h4 Nf3 36. Rb2 Nxe5 37. Nxb7 Rd5 38. Rc2 g5 39. hxg5 hxg5 40.
f4 gxf4 41. gxf4 Nd3 42. Kg3 Nb4 43. Rc4 Rd3+ 44. Kh4 Nd5 45. Nxa5 Ne3 46. Rxc6
Kg7 47. f5 Nxf5+ 48. Kg4 Nd4 49. Rb6 f5+ 50. Kg5 Nf3+ 51. Kf4 Kf6 52. Nc4 Nd4
53. Ne3 Ne2+ 54. Kf3 Nc3 55. Kf2 Rxe3 56. a5 Re5 57. a6 Ra5 58. b4 Ra2+ 59. Kf3
Nd5 0-1

[Event "4NCL/Div4b/FCA2 vs. MONM"]
[Site "Telford ENG"]
[Date "2005.04.16"]
[Round "7.2"]
[White "Thomas, Joseff"]
[Black "Valentine, Brian J"]
[Result "1-0"]
[WhiteElo "2023"]
[BlackElo "2050"]
[PlyCount "175"]
[EventDate "2005.04.16"]
[SourceDate "2004.09.21"]

1. e4 e5 2. Bc4 Nf6 3. Nf3 Nc6 4. d3 Be7 5. Nc3 d6 6. Be3 Bg4 7. Qd2 a6 8.
O-O-O Na5 9. Bb3 c5 10. h3 Bh5 11. g4 Nxb3+ 12. axb3 Bg6 13. Rdg1 Qa5 14. Kb1
b5 15. Nh4 Nd7 16. Nf5 Bxf5 17. gxf5 Bf6 18. Nd5 Qxd2 19. Bxd2 O-O-O 20. Nxf6
gxf6 21. Rg7 Rdf8 22. Rhg1 h5 23. Be3 Nb8 24. Kc1 Nc6 25. Kd2 Nd4 26. Bxd4 cxd4
27. Ra1 Kb7 28. Rc1 h4 29. Rcg1 Kb6 30. Rc1 Kb7 31. b4 Kb6 32. c3 dxc3+ 33.
bxc3 Kc6 34. Ke2 Kb6 35. Ke3 Kb7 36. d4 Rhg8 37. Rcg1 Rxg7 38. Rxg7 Kc7 39. Rh7
Kd7 40. d5 Ke7 41. Rxh4 a5 42. bxa5 Ra8 43. Rg4 Rxa5 44. Rg3 Ra3 45. Ke2 Ra2+
46. Kf1 Ra4 47. Re3 Kf8 48. Kg2 Kg7 49. Re1 Rc4 50. Re3 Kh6 51. Kg3 Kg5 52. Kf3
Kh6 53. Ke2 b4 54. cxb4 Rxb4 55. Kf3 Kg7 56. Rc3 Kf8 57. Rc8+ Ke7 58. Rh8 Rb3+
59. Kg2 Rb4 60. Rh4 Kf8 61. Rg4 Ke7 62. h4 Rb8 63. h5 Rh8 64. Rh4 Rh6 65. Kf3
Kd7 66. Ke3 Kc7 67. Kd3 Kb6 68. Rg4 Rxh5 69. Rg7 Rh3+ 70. Ke2 Kc5 71. Rxf7 Kd4
72. Rxf6 Kxe4 73. Rxd6 Kxf5 74. Rd8 Kf6 75. d6 Ra3 76. d7 Ke7 77. Re8+ Kxd7 78.
Rxe5 Ra6 79. Ke3 Re6 80. Rxe6 Kxe6 81. Kf4 Kf6 82. f3 Ke6 83. Kg5 Kf7 84. Kf5
Ke7 85. Kg6 Kf8 86. f4 Kg8 87. f5 Kf8 88. Kf6 1-0

[Event "4NCL/Div4b/FCA2 vs. MONM"]
[Site "Telford ENG"]
[Date "2005.04.16"]
[Round "7.3"]
[White "Williamson, Kevin J"]
[Black "Beveridge, Nigel K"]
[Result "1-0"]
[WhiteElo "2043"]
[BlackElo "2014"]
[PlyCount "49"]
[EventDate "2005.04.16"]
[SourceDate "2004.09.21"]

1. d4 Nf6 2. Nc3 d5 3. Bg5 e6 4. e4 Bb4 5. e5 h6 6. Bd2 Bxc3 7. bxc3 Ne4 8. Bd3
Nxd2 9. Qxd2 c5 10. f4 Nc6 11. Nf3 Qa5 12. g4 h5 13. gxh5 Rxh5 14. Rg1 cxd4 15.
cxd4 Qxd2+ 16. Kxd2 g6 17. Rxg6 Ne7 18. Rg5 Rh6 19. Rb1 b6 20. Rbg1 Rh8 21. h4
a5 22. Rb1 Rb8 23. h5 Ng8 24. Nh4 Rb7 25. Ba6 1-0

[Event "4NCL/Div4b/FCA2 vs. MONM"]
[Site "Telford ENG"]
[Date "2005.04.16"]
[Round "7.4"]
[White "Waterfield, John"]
[Black "Majer, Chris E"]
[Result "1/2-1/2"]
[WhiteElo "2045"]
[BlackElo "2036"]
[PlyCount "36"]
[EventDate "2005.04.16"]
[SourceDate "2004.09.21"]

1. e4 d5 2. exd5 Qxd5 3. Nc3 Qa5 4. d4 Nf6 5. Nf3 Ne4 6. Qd3 Nxc3 7. bxc3 Bf5
8. Qd2 e6 9. Bd3 Bd6 10. O-O O-O 11. Re1 Nd7 12. Bb2 Bxd3 13. cxd3 c6 14. Qc2
Rfd8 15. a4 Rac8 16. Qb3 Qf5 17. c4 Nf6 18. Rad1 h6 1/2-1/2

[Event "4NCL/Div4b/FCA2 vs. MONM"]
[Site "Telford ENG"]
[Date "2005.04.16"]
[Round "7.5"]
[White "Adebajo, Femi"]
[Black "Thomas, Jac"]
[Result "1-0"]
[WhiteElo "2045"]
[BlackElo "1985"]
[PlyCount "81"]
[EventDate "2005.04.16"]
[SourceDate "2004.09.21"]

1. e4 e5 2. Nf3 Nc6 3. Bb5 Nd4 4. Nxd4 exd4 5. O-O c6 6. Bc4 d5 7. exd5 cxd5 8.
Qe2+ Be7 9. Bb3 Nf6 10. Re1 Be6 11. d3 a5 12. a4 O-O 13. Bg5 Qc7 14. Bxf6 Bxf6
15. Na3 Bd7 16. Qf3 Bc6 17. Bxd5 Bxa4 18. b3 Bc6 19. Bxc6 bxc6 20. Nc4 Rfe8 21.
g3 h6 22. Rxe8+ Rxe8 23. Rxa5 Re6 24. Kg2 c5 25. Qa8+ Kh7 26. Ra7 Qd8 27. Qxd8
Bxd8 28. Rxf7 Re2 29. Na3 Ba5 30. Kf3 Re1 31. Nc4 Bb4 32. h4 Rc1 33. h5 Rxc2
34. Ne5 Kg8 35. Re7 g5 36. hxg6 Rc3 37. Ng4 Rxd3+ 38. Ke4 c4 39. Nxh6+ Kf8 40.
Rf7+ Ke8 41. g7 1-0

[Event "4NCL/Div4b/FCA2 vs. MONM"]
[Site "Telford ENG"]
[Date "2005.04.16"]
[Round "7.6"]
[White "Lazarus, Sam"]
[Black "Matthews, Adrian"]
[Result "0-1"]
[WhiteElo "1605"]
[BlackElo "1932"]
[PlyCount "88"]
[EventDate "2005.04.16"]
[SourceDate "2004.09.21"]

1. e4 c5 2. Nc3 Nc6 3. f4 g6 4. Nf3 Bg7 5. Bb5 e6 6. Bxc6 bxc6 7. O-O d5 8. e5
Ne7 9. Qe1 Ba6 10. d3 Nf5 11. Ne2 Qb6 12. Kh1 c4 13. d4 h5 14. c3 Rb8 15. Ng3
Bc8 16. Nxf5 exf5 17. Ng5 Be6 18. Qh4 Kd7 19. Nxe6 Kxe6 20. Rf3 Qd8 21. Qxd8
Rhxd8 22. Rb1 Rb7 23. Rf2 Rdb8 24. h3 Rb6 25. Kh2 a5 26. a4 Rb3 27. Ra1 Bf8 28.
Kg3 c5 29. dxc5 Bxc5 30. Rc2 d4 31. Kf3 d3 32. Rd2 f6 33. exf6 Kxf6 34. g4
hxg4+ 35. hxg4 fxg4+ 36. Ke4 Rd8 37. Rg2 Rb7 38. Rxg4 Re7+ 39. Kf3 d2 40. Rg5
dxc1=Q 41. Rxc1 Rd3+ 42. Kg4 Bf2 43. Rc2 Rg3+ 44. Kh4 Rh7+ 0-1

[Event "4NCL/Div4b/HAL vs. FCA2"]
[Site "Telford ENG"]
[Date "2005.04.17"]
[Round "8.1"]
[White "Peck, Windsor W"]
[Black "Elwin, Adrian G"]
[Result "0-1"]
[WhiteElo "1925"]
[BlackElo "2077"]
[PlyCount "56"]
[EventDate "2005.04.17"]
[SourceDate "2004.09.21"]

1. d4 Nf6 2. Nf3 g6 3. Nc3 d5 4. Bf4 Bg7 5. e3 O-O 6. Be2 Bg4 7. Ne5 Bxe2 8.
Qxe2 c6 9. h4 Nbd7 10. g4 Ne4 11. Nxe4 dxe4 12. Nxd7 Qxd7 13. O-O-O Qd5 14. g5
Qxa2 15. c3 c5 16. Qg4 b5 17. h5 b4 18. hxg6 bxc3 19. gxf7+ Qxf7 20. bxc3 cxd4
21. Qh5 Qxh5 22. Rxh5 Rac8 23. exd4 Rxf4 24. Kd2 Rxf2+ 25. Ke3 Rf3+ 26. Kxe4
Rcxc3 27. Rdh1 e6 28. Re1 Rfd3 0-1

[Event "4NCL/Div4b/HAL vs. FCA2"]
[Site "Telford ENG"]
[Date "2005.04.17"]
[Round "8.2"]
[White "Valentine, Brian J"]
[Black "Curry, Don"]
[Result "1-0"]
[WhiteElo "2050"]
[BlackElo "1800"]
[PlyCount "41"]
[EventDate "2005.04.17"]
[SourceDate "2004.09.21"]

1. e4 e5 2. Nc3 Nf6 3. f4 d5 4. fxe5 Nxe4 5. d3 Nxc3 6. bxc3 d4 7. Nf3 Nc6 8.
Be2 Bg4 9. O-O Bc5 10. Kh1 O-O 11. Bf4 Bxf3 12. Bxf3 Qd7 13. Qe1 dxc3 14. Qg3
Nd4 15. Bxb7 Rab8 16. Be4 Qe6 17. Bg5 Ne2 18. Qh4 g6 19. Bf6 Rfe8 20. Rf3 Qxa2
21. Qxh7+ 1-0

[Event "4NCL/Div4b/HAL vs. FCA2"]
[Site "Telford ENG"]
[Date "2005.04.17"]
[Round "8.3"]
[White "Banks, Peter"]
[Black "Adebajo, Femi"]
[Result "0-1"]
[WhiteElo "1780"]
[BlackElo "2045"]
[PlyCount "100"]
[EventDate "2005.04.17"]
[SourceDate "2004.09.21"]

1. e4 c5 2. Nf3 d6 3. d4 cxd4 4. Nxd4 Nf6 5. Nc3 g6 6. Bd3 Bg7 7. Nb3 Nc6 8.
O-O O-O 9. Re1 Be6 10. Be3 Rc8 11. Rb1 Ng4 12. Nd5 Nxe3 13. Nxe3 a6 14. c3 Ne5
15. Bc2 Qb6 16. Nd5 Bxd5 17. exd5 Rfe8 18. Re3 Rc4 19. Nd4 Rc5 20. Bb3 Nc4 21.
Bxc4 Rxc4 22. Nf3 Qa5 23. a3 b5 24. Nd2 Rf4 25. Rf3 Rh4 26. g3 Rh5 27. Qb3 Qc7
28. Re1 Qc8 29. Nf1 Qg4 30. Qd1 Qh3 31. Re4 Qd7 32. Rfe3 Be5 33. Re1 f5 34.
R4e2 f4 35. Re4 Rf8 36. g4 Rh4 37. f3 h5 38. g5 Rf5 39. R1e2 Rxg5+ 40. Rg2
Rxg2+ 41. Kxg2 Qh3+ 42. Kg1 Qf5 43. Qe2 g5 44. Qf2 Rh3 45. Qg2 Kf7 46. Qe2 g4
47. Nd2 g3 48. Nf1 Qg5 49. Qg2 gxh2+ 50. Nxh2 Rg3 0-1

[Event "4NCL/Div4b/HAL vs. FCA2"]
[Site "Telford ENG"]
[Date "2005.04.17"]
[Round "8.4"]
[White "Majer, Chris E"]
[Black "Clark, Maureen"]
[Result "1-0"]
[WhiteElo "2036"]
[BlackElo "1720"]
[PlyCount "83"]
[EventDate "2005.04.17"]
[SourceDate "2004.09.21"]

1. e4 e6 2. d4 d5 3. e5 c5 4. c3 Nc6 5. Nf3 Bd7 6. Bd3 cxd4 7. cxd4 Rc8 8. Nc3
Nge7 9. Bg5 Qb6 10. O-O Nxd4 11. Nxd4 Qxd4 12. Nb5 Qxe5 13. Re1 Qb8 14. Qf3 b6
15. Bf4 Qa8 16. Nd6+ Kd8 17. Nxf7+ Ke8 18. Nxh8 Ng8 19. Bg5 Nf6 20. Bxf6 gxf6
21. Qxf6 Be7 22. Qf3 Qb8 23. Nf7 Bc5 24. Ne5 Qd6 25. Qf7+ Kd8 26. Nxd7 Qxd7 27.
Qxe6 Qxe6 28. Rxe6 Rc7 29. Bb5 Re7 30. Rxe7 Kxe7 31. Rd1 Kd6 32. Bc4 d4 33. Kf1
h5 34. Ke2 Ke5 35. Kd3 Bb4 36. a3 Bc5 37. Re1+ Kf5 38. Re4 a5 39. Rxd4 Kf6 40.
f3 Kg6 41. Rd5 h4 42. Rxc5 1-0

[Event "4NCL/Div4b/HAL vs. FCA2"]
[Site "Telford ENG"]
[Date "2005.04.17"]
[Round "8.5"]
[White "Borley, Martin"]
[Black "Harbour, John"]
[Result "0-1"]
[WhiteElo "1660"]
[BlackElo "1935"]
[PlyCount "86"]
[EventDate "2005.04.17"]
[SourceDate "2004.09.21"]

1. e4 d6 2. Nf3 Nf6 3. Nc3 g6 4. Bc4 Bg7 5. O-O O-O 6. d3 c5 7. Re1 Nc6 8. Nd5
Na5 9. Nxf6+ Bxf6 10. Bb3 Qc7 11. c3 c4 12. dxc4 Nxc4 13. Qe2 Na5 14. e5 dxe5
15. Nxe5 Nxb3 16. axb3 Be6 17. Ng4 Bg7 18. Bg5 b6 19. c4 Rfe8 20. h3 Qc5 21.
Be3 Qb4 22. Ra3 h5 23. Ne5 Qd6 24. Nf3 Bf5 25. Rea1 Qc7 26. Nd4 Bd7 27. Qd2
Red8 28. Bf4 e5 29. Bg3 Qb7 30. Nb5 Bxb5 31. Qxd8+ Rxd8 32. Rxa7 Qc6 33. cxb5
Qxb5 34. Bh4 f6 35. Rc1 g5 36. Bg3 h4 37. Rcc7 Bf8 38. Rf7 hxg3 39. fxg3 Qc5+
40. Kf1 Rd1+ 41. Ke2 Qc2+ 42. Kf3 Rf1+ 43. Kg4 Qe2# 0-1